Eximbanka SR a jej význam v podpore exportu SR
Eximbanka SR bola zriadená zákonom č. 80/1997 Z.z. o Exportno-importnej banke Slovenskej republiky, ktorý bol neskôr novelizovaný zákonom č. 336/1998 Z.z. a zákonom č. 214/2000 Z.z. Hlavné ciele Eximbanky. Financovanie exportu.Typy záruk.
Salvato in:
| Autore principale: | |
|---|---|
| Natura: | Capitolo di libro |
| Lingua: | slovacco |
| Soggetti: | |
| Tags: |
Nessun Tag, puoi essere il primo ad aggiungerne!!
|
MARC
| LEADER | 00000naa$a2200000$$$4500 | ||
|---|---|---|---|
| 001 | 0008872 | ||
| 005 | 20230808081433.2 | ||
| 041 | 0 | |a slo | |
| 044 | |a SK | ||
| 245 | 1 | 0 | |a Eximbanka SR a jej význam v podpore exportu SR |c aut. Alena Longauerová |
| 520 | |a Eximbanka SR bola zriadená zákonom č. 80/1997 Z.z. o Exportno-importnej banke Slovenskej republiky, ktorý bol neskôr novelizovaný zákonom č. 336/1998 Z.z. a zákonom č. 214/2000 Z.z. Hlavné ciele Eximbanky. Financovanie exportu.Typy záruk. | ||
| 610 | 2 | 0 | |a banky |
| 610 | 2 | 0 | |a bankovníctvo |
| 610 | 2 | 0 | |a podpora vývozu |
| 610 | 2 | 0 | |a zákony |
| 610 | 2 | 0 | |a úver |
| 610 | 2 | 0 | |a záruka |
| 610 | 2 | 0 | |a pohľadávky |
| 610 | 2 | 0 | |a konkurencia |
| 100 | 1 | |a Longauerová, Alena | |